| 000 | 00951nam a2200265 i 4500 | ||
|---|---|---|---|
| 001 | bg | ||
| 111 | 2 |
_aŚląskie Seminarium Ochrony Środowiska _n(8 ; _d2007 ; _cBytom). |
|
| 245 | 1 | 0 |
_aOdzysk, recykling i unieszkodliwianie odpadów a ochrona środowiska : _bmateriały VIII konferencji naukowej Śląskie Seminarium Ochrony Środowiska / _c[red. Aneta Józefiok] ; Wyższa Szkoła Ekonomii i Administracji w Bytomiu. |
| 260 |
_aBytom : _bWyższa Szkoła Ekonomii i Administracji, _c2007. |
||
| 300 |
_a90 s. ; _c24 cm. |
||
| 504 | _aBibliogr. przy niektórych streszcz. | ||
| 650 | 9 | _aOchrona środowiska | |
| 650 | 9 | _aRecykling | |
| 655 | _aMateriały konferencyjne | ||
| 700 | 1 |
_aJózefiok, Aneta. _eRed. |
|
| 015 | _aPB 17137/2008 | ||
| 020 | _a9788388587979 | ||
| 040 | _cBPK | ||
| 041 | _apol | ||
| 044 | _aPOL | ||
| 080 | _a502.17(06) | ||
| 920 | _a978-83-88587-97-9 | ||
| 942 | _cKS | ||
| 008 | 090626s2007 pl a |100 0 pol | ||
| 999 |
_c56387 _d56387 |
||
| 856 |
_uhttp://koha.tu.koszalin.pl/cgi-bin/koha/opac-detail.pl?biblionumber=56387 _yKatalog online BPK |
||